banner-ar

محمد فريد ابوحديد (1893 - 1967): مقالات مختارة / (Record no. 51756)

MARC details
000 -الفاتح
حقل البيانات ثابتة الطول 00735nam a2200205Ia 4500
008 - عناصر البيانات ثابتة الطول - معلومات عامة
حقل البيانات ثابتة الطول 140319s9999 xx 000 0 ara d
040 ## - مصدر الفهرسة
وكالة الفهرسة الأصلية GCL /
وكالة النسخ GCL
082 04 - رقم تصنيف ديوى العشرى
رقم التصنيف 814.008
رقم المادة م م
100 1# - المدخل الرئيسى - إسم شخصى
الإسم الشخصى نبيل فرج
245 10 - بيان العنوان
العنوان محمد فريد ابوحديد (1893 - 1967): مقالات مختارة /
بيان المسئوليه,etc نبيل فرج
700 1# - المدخل الاضافى - اسم شخصى
الإسم الشخصى محمود فهمى حجازى
700 1# - المدخل الاضافى - اسم شخصى
الإسم الشخصى محمد فريد ابوحديد
300 ## - الوصف المادى
التعداد 364 ص
490 ## - بيان السلسلة
عنوان السلسلة الهيئة العامة للاستعلامات
رقم المجلد/ التعيين التسلسلي 0
650 04 - المدخل الاضافى بالموضوع-مصطلح موضوعى
مصطلح موضوعي الادب العربى - مقالات ومحاضرات
650 04 - المدخل الاضافى بالموضوع-مصطلح موضوعى
مصطلح موضوعي المقالات العربية - مجموعات
650 04 - المدخل الاضافى بالموضوع-مصطلح موضوعى
مصطلح موضوعي الثقافة- مقالات ومحاضرات
942 ## - عناصر المدخل الإضافي( كوها)
مصدر التصنيف او مخطط الترفيف Dewey Decimal Classification
Koha [default] item type كتاب
Holdings
حالة التراجع حالة الفقد حالة تلف ليس للاعارة المكان المؤقت الموقع الحالى تاريخ الاكتساب اجمالي اﻻعارات رقم الطلب الباركود تاريخ اخر مشاهدة تاريخ تفعيل السعر نوع وعاء كوها
        مكتبة القاهرة الكبرى مكتبة القاهرة الكبرى 03/26/2014   814.008\م م 123842 03/26/2014 03/26/2014 كتاب
        مكتبة القاهرة الكبرى مكتبة القاهرة الكبرى 03/26/2014   814.008\م م 123843 03/26/2014 03/26/2014 كتاب

Powered By

EGPV